Assessing the Impact of a Graduated Response Approach for Youth in the Maryland Juvenile Justice System

Guardado en:  
Detalles Bibliográficos
Autores principales: Farrell, Jill L. (Autor) ; Irvine, John (Autor) ; Flath, Natalie (Autor) ; Betsinger, Sean A. (Autor)
Tipo de documento: Electrónico Libro
Lenguaje:Inglés
Publicado: [Erscheinungsort nicht ermittelbar] Institute for Innovation and Implementation at the University of Maryland School of Social Work 2020
En:Año: 2020
Acceso en línea: Volltext (lizenzpflichtig)
Volltext (lizenzpflichtig)
Verificar disponibilidad: HBZ Gateway
Servicio de pedido Subito: Pedir ahora.

MARC

LEADER 00000cam a22000002c 4500
001 1912462028
003 DE-627
005 20250113054929.0
007 cr uuu---uuuuu
008 241217s2020 xx |||||o 00| ||eng c
035 |a (DE-627)1912462028 
035 |a (DE-599)KXP1912462028 
040 |a DE-627  |b ger  |c DE-627  |e rda 
041 |a eng 
084 |a 2,1  |2 ssgn 
100 1 |a Farrell, Jill L.  |e VerfasserIn  |4 aut 
245 1 0 |a Assessing the Impact of a Graduated Response Approach for Youth in the Maryland Juvenile Justice System 
264 1 |a [Erscheinungsort nicht ermittelbar]  |b Institute for Innovation and Implementation at the University of Maryland School of Social Work  |c 2020 
336 |a Text  |b txt  |2 rdacontent 
337 |a Computermedien  |b c  |2 rdamedia 
338 |a Online-Ressource  |b cr  |2 rdacarrier 
700 1 |a Irvine, John  |e VerfasserIn  |4 aut 
700 1 |a Flath, Natalie  |e VerfasserIn  |4 aut 
700 1 |a Betsinger, Sean A.  |e VerfasserIn  |4 aut 
787 0 8 |i Forschungsdaten  |a Farrell, Jill L.  |t Assessing the Impact of a Graduated Response Approach for Youth in the Maryland Juvenile Justice System, 2013-2017  |d [Erscheinungsort nicht ermittelbar] : [Verlag nicht ermittelbar], 2020  |w (DE-627)184003887X 
856 4 0 |u https://www.ncjrs.gov/app/publications/abstract.aspx?id=277846  |x Verlag  |z lizenzpflichtig  |3 Volltext  |7 1 
856 4 0 |u https://www.ncjrs.gov/pdffiles1/ojjdp/grants/254601.pdf  |q application/pdf  |x Verlag  |z lizenzpflichtig  |3 Volltext  |7 1 
935 |a mkri 
951 |a BO 
ELC |a 1 
LOK |0 000 xxxxxcx a22 zn 4500 
LOK |0 001 4637427517 
LOK |0 003 DE-627 
LOK |0 004 1912462028 
LOK |0 005 20241217044149 
LOK |0 008 241217||||||||||||||||ger||||||| 
LOK |0 035   |a (DE-2619)ICPSR148635 
LOK |0 040   |a DE-2619  |c DE-627  |d DE-2619 
LOK |0 092   |o n 
LOK |0 852   |a DE-2619 
LOK |0 852 1  |9 00 
LOK |0 935   |a nacp 
LOK |0 939   |a 17-12-24  |b l01 
ORI |a SA-MARC-krimdoka001.raw